Plantilla UDG Tenerife 2023/24 - Estadísticas

Estadísticas generales
  • Esta prueba ha sido intentada 3 veces
    2 desde el último reinicio
  • La puntuación promedio es 12 de 25
Estadísticas de respuestas
Dorsal Posición Jugadora % Correcto
3 DEF Thaís Ferreira
100%
2 DEF Agus Barroso
50%
11 DEF Aleksandra Zaremba
50%
13 POR Aline Reis
50%
4 DEF Andrea Marrero
50%
33 (f) MED Bárbara Martínez
50%
9 DEL Birgül Sadikoglu
50%
16 DEF Clau Blanco
50%
24 DEL Gift Monday
50%
10 DEL Jassina Blom
50%
34 POR María Cheza
50%
20 DEF María Estella
50%
17 DEL Mari Jose Pérez
50%
14 MED Natalia Ramos
50%
1 POR Noelia Ramos
50%
6 MED Paola Hernández
50%
22 DEF Patri Gavira
50%
23 DEF Pisco Peña
50%
7 DEL Rinsola Babajide
50%
15 MED Sandra Hernández
50%
21 MED Sara Pavlovic
50%
5 MED Yerliane Moreno
50%
27 (f) DEL Ainhoa Delgado
0%
18 DEF Bea Beltrán
0%
8 DEL Koko Ange
0%
No se encontraron pruebas coincidentes
Distribución de puntuación
Porcentaje de gente con cada puntuación
Porcentaje por número respondido
Historial de tus puntuaciones
No has intentado esta prueba desde el último reinicio